000 00643nam a2200193 u 4500
001 000036147
005 20200930074922.0
008 111220s1961 ag r 000 0 spa d
040 _aDO-SdBNP
_bspa
_cBNPHU
082 _axxx
_bxxx
100 1 _aRobles, Oswaldo
_962184
245 1 0 _aIntroducción a la psicología científica/.
250 _a4a ed., corr. y aumentada
260 _aArgentina :
_bEditorial Porrúa,
_c1961.
300 _a267 p. :
_bil. ;
_c22 cm.
500 _aIncluye referencias bibliográficas y notas al pie de las páginas
590 _aPerteneció a la bibliteca personal Juan Isidro Jimenes Grullón
049 _aBNPD
999 _c35638
_d35638